Efectos de la adición de Bacillus subtilis y harina de chia (Salvia Hispanica L.) sobre parámetros sanguíneos, paso de órganos y morfología intestinal en pollos parrilleros /
Guardado en:
| Autor Principal: | |
|---|---|
| Autor Corporativo: | |
| Otros Autores: | |
| Formato: | Libro |
| Idioma: | Spanish |
| Publicado: |
Bahía Blanca,
2015.
|
| Etiquetas: |
Agregar Etiqueta
Sin Etiquetas, Sea el primero en etiquetar este registro!
|
| LEADER | 00841nam a22001695a 4500 | ||
|---|---|---|---|
| 001 | EEA.libagro010396 | ||
| 005 | 20181011104026.0 | ||
| 008 | 140403s2015####ag############000#0#spa#d | ||
| 082 | 0 | 4 | |a 636.513 |
| 100 | 1 | |a Morales, Marianela Estefanía. | |
| 245 | 1 | 0 | |a Efectos de la adición de Bacillus subtilis y harina de chia (Salvia Hispanica L.) sobre parámetros sanguíneos, paso de órganos y morfología intestinal en pollos parrilleros / |c Marianela Estefanía Morales. |
| 260 | |a Bahía Blanca, |c 2015. | ||
| 300 | |a 47 h. : |b il. col. ; |c 30 cm. | ||
| 500 | |a Trabajo de intensificación (Ingeniero Agrónomo) -- Universidad Nacional del Sur. Departamento de Agronomía, 2015. | ||
| 700 | 1 | |a Fernández, Hebe Tania, |e tutor. | |
| 710 | 2 | |a Universidad Nacional del Sur. |b Departamento de Agronomía. | |
| 859 | |a AR-BbBCA |b BIB. AGRONOMIA |h 636.513 |i M828 |p 2015/6523 | ||
